Представление документа в формате RUSMARC

ПолеНазваниеЗначение
  Тип записи a
  Библиографический уровень m
001 Контрольный номер RU/IS/BASE/511355291
005 Дата корректировки 20240209174629.0
010 Индекс ISBN __
a ISBN
b Уточнения в пер.
d Цена 12000 р. 00 к.
9 Тираж 10 000 экз.
100 Данные общей обработки __
a Данные общей обработки 20160315d2016 ||| 0rusy0189 ca
101 Язык документа 0_
a Язык текста rus
102 Страна публикации __
a Страна публикации RU
105 Кодированные данные (монография) __
a Кодированные данные (монография) y###||||000|y
200 Заглавие и сведения об ответственности 1_
a Заглавие Москва от А. до Я
b Общее обозначение материала Текст
e Сведения, относящиеся к заглавию памятники истории, зодчества, скульптуры
f Первые сведения об ответственности Я. Е. Бродский
210 Выходные данные 1_
a Место издания Москва
c Издательство Московский рабочий
d Дата издания 1994
215 Физическое описание __
a Объем 318, [1] с.
c Иллюстрации/тип воспроизводства ил.
d Формат 21 см.
300 Общие примечания __
a Общие примечания Ограничения по возрасту - 12+
300 Общие примечания __
a Общие примечания Под инв. номером 48493: Ц-1, 2-1, 28-1
606 Тематические рубрики 1_
a Основная рубрика Москва, город
y Географическая подрубрика Москва, город
610 Ключевые слова 1_
a Ключевые слова города
a Ключевые слова история города
a Ключевые слова путеводители
a Ключевые слова достопримечательности
a Ключевые слова исторические места
a Ключевые слова памятники
686 Индексы других классификаций __
a Классификационный индекс 63.3(2-2Москва)
a Классификационный индекс 85.13
2 Код системы ББК
700 Автор _0
a Фамилия Бродский
b Имя (инициалы) Яков Евсеевич
g Полное личное имя Я. Е.
801 Источник записи _0
a Страна RU
b Организация МБУК ЦБС
c Дата составления 20160315
g Правила каталогизации RCR
801 Источник записи _1
a Страна RU
b Организация МБУК ЦБС г. Ульяновска
c Дата составления 20160315
g Правила каталогизации RCR
899 Данные о местонахождении __
i Авторский знак Б 88
j Расстановочный фильтр 63.3(2)
901 Тип документа __
t Тип документа m
910 Корректоры записи __
a Корректор записи Скрипина